MARC

LEADER 00000nam0a2200000 4500
001 338512
005 20231102005044.0
035 |a (RuTPU)RU\TPU\book\365013 
090 |a 338512 
100 |a 20171127d1960 m y0rusy50 ca 
101 0 |a rus 
102 |a RU 
105 |a a j 000zy 
200 1 |a Основы теории и проектирования приборов управления  |e учебное пособие для вузов  |f Л. Н. Преснухин, Л. А. Серебровский, Д. Б. Юдин  |g под ред. Л. Н. Преснухина 
210 |a Москва  |c Оборонгиз  |d 1960 
215 |a 263 с.  |c ил. 
606 1 |a Управляющие машины  |x Автоматика  |2 stltpush  |3 (RuTPU)RU\TPU\subj\63092  |9 80139 
610 1 |a теория 
610 1 |a проектирование 
610 1 |a приборы 
610 1 |a управление 
610 1 |a параметры 
610 1 |a поправки 
610 1 |a следящие системы 
610 1 |a баллистические движения 
610 1 |a приводы 
610 1 |a учебные пособия 
675 |a 681.52/.53(075.8)  |v 4 
700 1 |a Преснухин  |b Л. Н.  |g Леонид Николаевич 
701 1 |a Серебровский  |b Л. А. 
701 1 |a Юдин  |b Д. Б. 
702 1 |a Преснухин  |b Л. Н.  |g Леонид Николаевич  |4 340 
801 1 |a RU  |b 63413507  |c 20171127 
801 2 |a RU  |b 63413507  |c 20220511  |g RCR 
942 |c BK